[Event "MVP-ch Seniors op 19th"]
[Site "Ostseebad Binz"]
[Date "2019.11.27"]
[Round "1"]
[White "Schaefer, Martin1111"]
[Black "Koehler, Marianne"]
[Result "1-0"]
[WhiteElo "1938"]
[BlackElo "1623"]
[PlyCount "115"]
[EventDate "2019.11.27"]
[EventType "swiss"]
[EventRounds "9"]
[EventCountry "GER"]
[SourceTitle "EXT 2021"]
[Source "ChessBase"]
[SourceDate "2020.10.23"]
[SourceVersion "1"]
[SourceVersionDate "2020.10.23"]
[SourceQuality "1"]

1. d4 e6 2. c4 Nf6 3. g3 c6 4. Nf3 d6 5. Nc3 Be7 6. Bg2 Nbd7 7. e4 0-0 8. 0-0 Ne8 9. Qc2 h6 10. Be3 Nc7 11. Rfd1 Qe8 12. e5 d5 13. c5 Qd8 14. h4 f5 15. exf6 Rxf6 16. Ne2 Qe8 17. Bf4 Bd8 18. Qd2 Qf7 19. Qe3 b6 20. Ne5 Nxe5 21. dxe5 Rg6 22. h5 Rg4 23. f3 Rxf4 24. Qxf4 Qxh5 25. g4 Qe8 26. Qd4 Nb5 27. Qd2 bxc5 28. Kh2 Qe7 29. Bh3 Qc7 30. a4 Nd4 31. Nxd4 cxd4 32. Qxd4 Qf7 33. Qf2 Rb8 34. Kg2 Rb4 35. a5 Qf4 36. Rd2 Bh4 37. Qxh4 Qxd2+ 38. Qf2 Qxf2+ 39. Kxf2 Rxb2+ 40. Ke3 Ba6 41. g5 Rb3+ 42. Kd4 Kf7 43. gxh6 gxh6 44. Bg4 Rb5 45. Rc1 Bb7 46. a6 Ba8 47. Rh1 c5+ 48. Kc3 Kg6 49. Bxe6 d4+ 50. Kc4 Rb6 51. Rg1+ Kh5 52. Bf7+ Kh4 53. e6 Bc6 54. Kxc5 Bxf3 55. e7 Bc6 56. Rg6 Be8 57. Bxe8 d3 58. Rxb6 1-0

[Event "MVP-ch Seniors op 16th"]
[Site "Binz"]
[Date "2016.11.23"]
[Round "1.58"]
[White "Koehler, Marianne"]
[Black "Beran, Rolf Dietrich"]
[Result "0-1"]
[WhiteElo "1652"]
[BlackElo "1956"]
[PlyCount "52"]
[EventDate "2016.11.23"]
[EventType "swiss"]
[EventRounds "9"]
[EventCountry "GER"]
[SourceTitle "EXT 2018"]
[Source "ChessBase"]
[SourceDate "2017.10.13"]
[SourceVersion "1"]
[SourceVersionDate "2017.10.13"]
[SourceQuality "1"]

1. e4 d6 2. Be2 Nf6 3. d3 e5 4. Bg5 Be7 5. Nd2 Nbd7 6. h3 h6 7. Be3 c6 8. Bf3 Qc7 9. Bg4 d5 10. Nb3 dxe4 11. Bxd7+ Bxd7 12. Bc5 Bxc5 13. Nxc5 Qa5+ 14. Qd2 Qxc5 15. 0-0-0 exd3 16. Re1 0-0 17. f3 Rad8 18. g4 dxc2 19. Qxc2 Qa5 20. Re3 Qxa2 21. Ra3 Qd5 22. Rd3 Qb5 23. Ne2 Bf5 24. gxf5 Qxd3 25. Rf1 Qe3+ 26. Kb1 Rd2 0-1

[Event "GER-chB Seniors 27th"]
[Site "Magdeburg"]
[Date "2015.08.16"]
[Round "2"]
[White "Koehler, Marianne"]
[Black "Walther, Renate"]
[Result "1-0"]
[WhiteElo "1675"]
[BlackElo "1207"]
[PlyCount "65"]
[EventDate "2015.08.15"]
[EventType "swiss"]
[EventRounds "9"]
[EventCountry "GER"]
[SourceTitle "EXT 2018"]
[Source "ChessBase"]
[SourceDate "2017.10.13"]
[SourceVersion "1"]
[SourceVersionDate "2017.10.13"]
[SourceQuality "1"]

1. e4 e5 2. Nf3 d5 3. Nxe5 Bd6 4. Nf3 dxe4 5. Qe2 Nf6 6. d3 Qe7 7. dxe4 Qxe4 8. Qxe4+ Nxe4 9. Bd3 Bf5 10. 0-0 0-0 11. Nh4 g6 12. g4 Bxg4 13. Bxe4 f5 14. Bxb7 Nd7 15. Bxa8 Rxa8 16. Be3 f4 17. Bd4 Be5 18. Bxe5 Nxe5 19. f3 Bh5 20. Nd2 Rf8 21. Rae1 g5 22. Rxe5 h6 23. Ng2 Bg6 24. c3 Bf7 25. Rfe1 Kg7 26. h4 Kg6 27. Re7 Kf6 28. Rxc7 gxh4 29. Rxf7+ Rxf7 30. Nxh4 Rg7+ 31. Ng2 Rg3 32. Kf2 h5 33. Ne4+ 1-0

[Event "Hessen-ch Seniors op 11th"]
[Site "Bad Sooden-Allendorf"]
[Date "2015.05.14"]
[Round "6"]
[White "Koehler, Marianne"]
[Black "Walther, Renate"]
[Result "1-0"]
[WhiteElo "1679"]
[BlackElo "1221"]
[PlyCount "54"]
[EventDate "2015.05.09"]
[EventType "swiss"]
[EventRounds "9"]
[EventCountry "GER"]
[SourceTitle "EXT 2018"]
[Source "ChessBase"]
[SourceDate "2017.10.13"]
[SourceVersion "1"]
[SourceVersionDate "2017.10.13"]
[SourceQuality "1"]

1. e4 e5 2. Nf3 d5 3. exd5 e4 4. Qe2 Nf6 5. h3 Bd6 6. Nh2 0-0 7. c4 Re8 8. Qd1 h6 9. Be2 Nbd7 10. 0-0 c6 11. dxc6 bxc6 12. Nc3 Bxh2+ 13. Kxh2 Nc5 14. Re1 Qc7+ 15. Kg1 Bf5 16. Bf1 Rad8 17. Re3 h5 18. Be2 g6 19. b4 Nd3 20. Bxd3 exd3 21. Bb2 Qd6 22. c5 Qd7 23. Qf3 Rxe3 24. fxe3 Re8 25. Re1 Ne4 26. Nxe4 Bxe4 27. Qf6 Kh7 1-0

[Event "Sachsen-Anhalt-ch Seniors 22nd"]
[Site "Halberstadt"]
[Date "2014.05.29"]
[Round "5"]
[White "Fritsch, Juergen"]
[Black "Koehler, Marianne"]
[Result "1-0"]
[WhiteElo "1762"]
[BlackElo "1423"]
[PlyCount "99"]
[EventDate "2014.05.25"]
[EventType "swiss"]
[EventRounds "7"]
[EventCountry "GER"]
[SourceTitle "EXT 2018"]
[Source "ChessBase"]
[SourceDate "2017.10.13"]
[SourceVersion "1"]
[SourceVersionDate "2017.10.13"]
[SourceQuality "1"]

1. d4 Nf6 2. Bg5 e6 3. Nf3 h6 4. Bxf6 Qxf6 5. e3 Be7 6. Nbd2 d5 7. Bd3 Bd6 8. 0-0 0-0 9. c4 c6 10. c5 Bc7 11. e4 dxe4 12. Bxe4 g5 13. Nc4 Nd7 14. g3 Qg7 15. Re1 f5 16. Bc2 Nf6 17. Nfe5 g4 18. Qe2 Nd5 19. Rad1 h5 20. f4 Rf6 21. Ne3 Rh6 22. Nxd5 cxd5 23. Kg2 Bd7 24. b4 Bxe5 25. fxe5 a6 26. a4 h4 27. Rh1 h3+ 28. Kf2 Qg5 29. Qe3 Qxe3+ 30. Kxe3 Kf7 31. Kf4 Kg6 32. Ra1 Rhh8 33. Bd3 Rhb8 34. Rhc1 Be8 35. b5 axb5 36. axb5 Rxa1 37. Rxa1 Bd7 38. Ra7 Bc8 39. Bc2 Bd7 40. c6 bxc6 41. Rxd7 Rxb5 42. Rd6 Kf7 43. Rxc6 Rb2 44. Kg5 Rb4 45. Rc7+ Ke8 46. Kf6 Kd8 47. Rc6 Rxd4 48. Kxe6 Rd2 49. Bxf5 Ra2 50. Bxg4 1-0

[Event "Sachsen-Anhalt-ch Seniors 22nd"]
[Site "Halberstadt"]
[Date "2014.05.27"]
[Round "3"]
[White "Kunze, Christian"]
[Black "Koehler, Marianne"]
[Result "1/2-1/2"]
[WhiteElo "1375"]
[BlackElo "1423"]
[PlyCount "119"]
[EventDate "2014.05.25"]
[EventType "swiss"]
[EventRounds "7"]
[EventCountry "GER"]
[SourceTitle "EXT 2018"]
[Source "ChessBase"]
[SourceDate "2017.10.13"]
[SourceVersion "1"]
[SourceVersionDate "2017.10.13"]
[SourceQuality "1"]

1. e4 e6 2. d4 d5 3. exd5 exd5 4. Nf3 h6 5. Be2 Bd6 6. 0-0 Ne7 7. c4 dxc4 8. Qa4+ c6 9. Qxc4 Be6 10. Qc2 0-0 11. Nc3 Qc7 12. Ne4 Bf5 13. Bd3 Bxe4 14. Bxe4 f5 15. Bd3 Kh8 16. g3 Nd7 17. Nh4 f4 18. gxf4 Bxf4 19. Bxf4 Qxf4 20. Ng2 Qxd4 21. Rad1 Qf6 22. f4 Nb6 23. Ne3 Qd4 24. Qf2 Ned5 25. Nxd5 Qxf2+ 26. Rxf2 Nxd5 27. f5 Rad8 28. Bc4 Ne3 29. Rxd8 Rxd8 30. Bb3 Ng4 31. Re2 Nf6 32. h3 Re8 33. Be6 Nd5 34. Re4 Nc7 35. Kf2 g6 36. Kf3 gxf5 37. Bxf5 Rf8 38. Kg4 Nd5 39. Re6 Rg8+ 40. Kf3 Rg7 41. Rxh6+ Kg8 42. Be6+ Kf8 43. Bxd5 cxd5 44. Rd6 Rf7+ 45. Kg2 Rc7 46. Rf6+ Ke7 47. Rf2 Kd6 48. b3 d4 49. Kf1 Kd5 50. Ke1 d3 51. Kd1 Ke4 52. h4 Ke3 53. Rh2 Rg7 54. Rh3+ Ke4 55. Rh2 Rg1+ 56. Kd2 Ra1 57. Kc3 Rc1+ 58. Kb2 Re1 59. Kc3 Rc1+ 60. Kb2 1/2-1/2